| 000 | 00309nam a2200121Ia 4500 | ||
|---|---|---|---|
| 008 | 230907s9999||||xx |||||||||||||| ||und|| | ||
| 082 |
_a610.28 _bBHA |
||
| 100 |
_aBhat, Sujata V. _910017 |
||
| 245 | 0 | _aBiomaterials / | |
| 260 |
_aNarosa Publishing, _bNew Delhi : _c2017 |
||
| 300 | _axiv, 279 p. | ||
| 942 | _cBK | ||
| 999 |
_c598171 _d598171 |
||